LEADER 01101nam0-2200289 --450 001 9910909700303321 005 20241202115716.0 010 $a0444420967 100 $a20241202d1982----kmuy0itay5050 ba 101 0 $aeng 102 $aNL 105 $ay 001yy 200 1 $aInternational clay conference 1981$eproceedings of the 7. International Clay Conference 1981 held in Bologna and Pavia, Italy, September 6-12, 1981, organized by the Italian Group of AIPEA, under the auspices of Association Internationale Pour l'Etude des Argiles$fedited by H. Van Olphen and F. Veniale 210 $aAmsterdam$aOxford$aNew York$cElsevier$d1982 215 $aXXIV, 827 p.$cill.$d24 cm. 225 1 $aDevelopments in sedimentology$v35 610 0 $aArgilla$aConferenza 676 $a553.61$v23$zita 700 1$aOlphen,$bH. Van$020161 701 1$aVeniale,$bFernando$01776698 801 0$aIT$bUNINA$gREICAT$2UNIMARC 901 $aBK 912 $a9910909700303321 952 $aA CHI 140$b14659/2024$fFAGBC 959 $aFAGBC 996 $aInternational clay conference 1981$94295450 997 $aUNINA